<?xml version="1.0" encoding="UTF-8"?>
<record
    xmlns:xsi="http://www.w3.org/2001/XMLSchema-instance"
    xsi:schemaLocation="http://www.loc.gov/MARC21/slim http://www.loc.gov/standards/marcxml/schema/MARC21slim.xsd"
    xmlns="http://www.loc.gov/MARC21/slim">

  <leader>04026nam a22003494a 4500</leader>
  <controlfield tag="001">ebr10157938</controlfield>
  <controlfield tag="003">CaPaEBR</controlfield>
  <controlfield tag="006">m        u        </controlfield>
  <controlfield tag="007">cr cn|||||||||</controlfield>
  <controlfield tag="008">050321s2006    enkabf  sb    001 0 eng  </controlfield>
  <datafield tag="010" ind1=" " ind2=" ">
    <subfield code="z">  2005008120</subfield>
  </datafield>
  <datafield tag="020" ind1=" " ind2=" ">
    <subfield code="z">0851999492 (alk. paper)</subfield>
  </datafield>
  <datafield tag="020" ind1=" " ind2=" ">
    <subfield code="z">9780851999494</subfield>
  </datafield>
  <datafield tag="040" ind1=" " ind2=" ">
    <subfield code="a">CaPaEBR</subfield>
    <subfield code="c">CaPaEBR</subfield>
  </datafield>
  <datafield tag="035" ind1=" " ind2=" ">
    <subfield code="a">(OCoLC)228144238</subfield>
  </datafield>
  <datafield tag="043" ind1=" " ind2=" ">
    <subfield code="a">s-ec---</subfield>
  </datafield>
  <datafield tag="050" ind1="1" ind2="4">
    <subfield code="a">HC203.C68</subfield>
    <subfield code="b">D48 2006eb</subfield>
  </datafield>
  <datafield tag="082" ind1="0" ind2="4">
    <subfield code="a">338.1/6/0986612</subfield>
    <subfield code="2">22</subfield>
  </datafield>
  <datafield tag="245" ind1="0" ind2="0">
    <subfield code="a">Development with identity</subfield>
    <subfield code="h">[electronic resource] :</subfield>
    <subfield code="b">community, culture and sustainability in the Andes /</subfield>
    <subfield code="c">edited by Robert E. Rhoades.</subfield>
  </datafield>
  <datafield tag="260" ind1=" " ind2=" ">
    <subfield code="a">Wallingford, UK ;</subfield>
    <subfield code="a">Cambridge, MA :</subfield>
    <subfield code="b">CABI Publishing,</subfield>
    <subfield code="c">c2006.</subfield>
  </datafield>
  <datafield tag="300" ind1=" " ind2=" ">
    <subfield code="a">xv, 325 p., [2] p. of plates :</subfield>
    <subfield code="b">ill. (some col.), maps.</subfield>
  </datafield>
  <datafield tag="504" ind1=" " ind2=" ">
    <subfield code="a">Includes bibliographical references and index.</subfield>
  </datafield>
  <datafield tag="505" ind1="0" ind2=" ">
    <subfield code="a">Linking sustainability science, community and culture : a research partnership in Cotacachi, Ecuador / Robert E. Rhoades -- Shaping an Andean landscape : processes affecting topography, soils and hydrology in Cotacachi / Franz Zehetner and William P. Miller -- Incursion, fragmentation and tradition : historical ecology of Andean Cotacachi / A. Shiloh Moates and B.C. Campbell -- Four decades of land use change in the Cotacachi Andes : 1963-2000 / Xavier Zapata Rios, Robert E. Rhoades, Maria Claudia Segovia and Franz Zehetner -- Climate change in Cotacachi / Robert E. Rhoades, Xavier Zapata Rios and Jenny Aragundy -- Traversing a landscape of memory / Virginia D. Nazarea, Rafael Guitarra and Robert E. Rhoades -- Biological diversity in Cotacachi's Andean forests / Marcia Pe&#xFFFD;nafiel, Marco Tip&#xFFFD;an, Lincoln Nolivos and Karla V&#xFFFD;asquez -- Trees and trade-offs : perceptions of eucalyptus and native trees in Ecuadorian highland communities / Ashley D. Carse -- Living, dwindling, losing, finding : status and changes in agrobiodiversity of Cotacachi / Kristine Skarb&#xFFFD; -- Women and homegardens of Cotacachi / Maricel C. Piniero -- Good to eat, good to think : food, culture and biodiversity in Cotacachi / Juana Camacho -- Toward sustainable crop production in Cotacachi : an assessment of the soils' nutrient status / Franz Zehetner and William P. Miller -- Plant-water relationships in an Andean landscape : modelling the effect of irrigation on upland crop production / Franz Zehetner, William P. Miller and Xavier Zapata R&#xFFFD;ios -- Water quality and human needs in Cotacachi : the Pichavi watershed / Jenny Aragundy and Xavier Zapata R&#xFFFD;ios -- Local resolution of watershed management trade-offs : the case of Cotacachi / Fabi&#xFFFD;an Rodr&#xFFFD;iguez with Douglas Southgate -- Community-based water monitoring in Cotacachi / Sergio S. Ruiz-Cord&#xFFFD;ova, Bryan L. Duncan, William Deutsch and Nicol&#xFFFD;as G&#xFFFD;omez -- Why is the earth tired? : a comparative analysis of agricultural change and intervention in northern Ecuador / B.C. Campbell -- Circular migration and community identity : their relationship to the land / Gabriela Flora -- Social capital and advocacy coalitions : examples of environment issues from Ecuador / Jan L. Flora, Cornelia B. Flora, Florencia Campana, Mary Garc&#xFFFD;ia Bravo and Edith Fern&#xFFFD;andez-Baca -- Future visioning for the Cotacachi Andes : scientific models and local perspectives on land use change / Robert E. Rhoades and Xavier Zapata R&#xFFFD;ios -- Sustainability science in indigenous communities : reconciling local and global agendas / Robert E. Rhoades.</subfield>
  </datafield>
  <datafield tag="533" ind1=" " ind2=" ">
    <subfield code="a">Electronic reproduction.</subfield>
    <subfield code="b">Palo Alto, Calif. :</subfield>
    <subfield code="c">ebrary,</subfield>
    <subfield code="d">2013.</subfield>
    <subfield code="n">Available via World Wide Web.</subfield>
    <subfield code="n">Access may be limited to ebrary affiliated libraries.</subfield>
  </datafield>
  <datafield tag="650" ind1=" " ind2="0">
    <subfield code="a">Sustainable development</subfield>
    <subfield code="z">Ecuador</subfield>
    <subfield code="z">Cotacachi.</subfield>
  </datafield>
  <datafield tag="650" ind1=" " ind2="0">
    <subfield code="a">Sustainable agriculture</subfield>
    <subfield code="z">Ecuador</subfield>
    <subfield code="z">Cotacachi.</subfield>
  </datafield>
  <datafield tag="650" ind1=" " ind2="0">
    <subfield code="a">Land use</subfield>
    <subfield code="z">Ecuador</subfield>
    <subfield code="z">Cotacachi.</subfield>
  </datafield>
  <datafield tag="655" ind1=" " ind2="7">
    <subfield code="a">Electronic books.</subfield>
    <subfield code="2">local</subfield>
  </datafield>
  <datafield tag="700" ind1="1" ind2=" ">
    <subfield code="a">Rhoades, Robert E.</subfield>
  </datafield>
  <datafield tag="710" ind1="2" ind2=" ">
    <subfield code="a">ebrary, Inc.</subfield>
  </datafield>
  <datafield tag="856" ind1="4" ind2="0">
    <subfield code="u">http://site.ebrary.com/lib/rucke/Doc?id=10157938</subfield>
    <subfield code="z">An electronic book accessible through the World Wide Web; click to view</subfield>
  </datafield>
  <datafield tag="999" ind1=" " ind2=" ">
    <subfield code="c">201961</subfield>
    <subfield code="d">201961</subfield>
  </datafield>
</record>
